| 000 | 01035nam a22003137a 4500 | ||
|---|---|---|---|
| 003 | CHAP | ||
| 005 | 20220329143917.0 | ||
| 008 | 120814s1999 mx r 00010 spa d | ||
| 010 | _a103622 | ||
| 011 | _a104594 | ||
| 020 | _a9683678793 | ||
| 035 | _a115284 | ||
| 040 | _cCHAP | ||
| 082 | 0 | 4 |
_a631.45 _bC55 |
| 245 | 0 | 0 |
_aConservación y restauración de suelos _c/editado por Christina Siebe ... [et al.] |
| 260 |
_aMéxico : _bUNAM. Programa Universitario de Medio Ambiente, _cc1999 |
||
| 300 |
_a654 p. : _bilus., gráfs. |
||
| 590 |
_aBATCH-UPD _b10 _c20130110 _lUCH01 _h1637 |
||
| 590 |
_aBATCH-UPD _b10 _c20130410 _lUCH01 _h1029 |
||
| 590 |
_aBATCH-UPD _b10 _c20130914 _lUCH01 _h2023 |
||
| 590 |
_aCONVERSION _b10 _c20130109 _lUCH01 _h1357 |
||
| 650 | 1 | 4 |
_aSuelos forestales. _9110548 |
| 650 | 1 | 4 |
_aSuelos _xConservación. _9110283 |
| 650 | 1 | 4 |
_aSuelos _xDegradación. _9110336 |
| 700 | 0 |
_aSiebe, Christina. _9105821 |
|
| 901 | _aBK | ||
| 942 | _cLIBRO | ||
| 949 |
_a631.45 C55 _bBC _cLIBRO _d33724002325736 _eLIBRO _h117268 _i115284 _st |
||
| 999 |
_c103622 _d103622 |
||